000 02239nam a2200241Ia 4500
000 03047naaa 00409uu
001 https://directory.doabooks.org/handle/20.500.12854/26590
008 211013s9999 xx 000 0 und d
024 _a10.7765/9781526147257
042 _adc
245 0 _aNegotiating nursing
260 _aManchester, UK
_bManchester University Press
_c2019
300 _a1 electronic resource (248 p.)
520 _aNegotiating nursing explores how the Queen Alexandra's Imperial Military Nursing Service (Q.A.s) salvaged men within the sensitive gender negotiations of what should and could constitute nursing work and where that work could occur. The book argues that the Q.A.s, an entirely female force during the Second World War, were essential to recovering men physically, emotionally and spiritually from the battlefield and for the war, despite concerns about their presence on the frontline. The book maps the developments in nurses' work as the Q.A.s created a legitimate space for themselves in war zones and established nurses' position as the expert at the bedside. Using a range of personal testimony the book demonstrates how the exigencies of war demanded nurses alter the methods of nursing practice and the professional boundaries in which they had traditionally worked, in order to care for their soldier-patients in the challenging environments of a war zone. Although they may have transformed practice, their position in war was highly gendered and it was gender in the post-war era that prevented their considerable skills from being transferred to the new welfare state, as the women of Britain were returned to the home and hearth. The aftermath of war may therefore have augured professional disappointment for some nursing sisters, yet their contribution to nursing knowledge and practice was, and remains, significant.
540 _aCreative Commons
653 _aNursing work
700 1 _aBrooks, Jane
856 _uhttps://library.oapen.org/bitstream/20.500.12657/24933/1/9781526147257_fullhl.pdf
856 _uhttps://library.oapen.org/bitstream/20.500.12657/24933/1/9781526147257_fullhl.pdf
856 _uwww.oapen.org
942 _cE-BOOK
999 _c50264
_d50264